Enterprise Resource Planning (Record no. 367272)

MARC details
000 -LEADER
fixed length control field 00370 a2200145 4500
005 - DATE AND TIME OF LATEST TRANSACTION
control field 20250813112809.0
008 - FIXED-LENGTH DATA ELEMENTS--GENERAL INFORMATION
fixed length control field 250813b |||||||| |||| 00| 0 eng d
020 ## - INTERNATIONAL STANDARD BOOK NUMBER
International Standard Book Number 9788131787038
041 ## - LANGUAGE CODE
Language code of text/sound track or separate title English
100 ## - MAIN ENTRY--PERSONAL NAME
Author Bansal V.
245 ## - TITLE STATEMENT
Title Enterprise Resource Planning
Remainder of title : A Managerial Perspective
260 ## - PUBLICATION, DISTRIBUTION, ETC.
Name of publisher, distributor, etc. Pearson
Date of publication, distribution, etc. 2013
300 ## - PHYSICAL DESCRIPTION
Extent 203
942 ## - ADDED ENTRY ELEMENTS (KOHA)
Koha item type Books
Holdings
Withdrawn status Lost status Source of classification or shelving scheme Damaged status Not for loan Home library Current library Date acquired Vendor Net Price Total Checkouts Full call number Barcode Date last seen Actual Price Bill Date Koha item type Date last checked out
    Dewey Decimal Classification     Cummins College of Engineering for Women Pune Cummins College of Engineering for Women Pune 11/08/2025 174 297.00   658.2 BAN CCEP-BK-69135 11/08/2025 297.00 11/08/2025 Books  
    Dewey Decimal Classification     Cummins College of Engineering for Women Pune Cummins College of Engineering for Women Pune 11/08/2025 174 297.00 1 658.2 BAN CCEP-BK-69134 06/01/2026 297.00 11/08/2025 Books 18/08/2025